Η αντιμετώπιση της κατάθλιψης στους εφήβους : ένας οδηγός για γονείς
Αποθηκεύτηκε σε:
| Κύριος συγγραφέας: | |
|---|---|
| Άλλοι συγγραφείς: | |
| Μορφή: | Βιβλίο |
| Γλώσσα: | Greek English |
| Δημοσίευση: |
Αθήνα :
Κριτική,
c2006.
|
| Θέματα: | |
| Ετικέτες: |
Προσθήκη ετικέτας
Δεν υπάρχουν, Καταχωρήστε ετικέτα πρώτοι!
|
MARC
| LEADER | 00000cam a2200000 a 4500 | ||
|---|---|---|---|
| 001 | 1/122880 | ||
| 008 | 210414s2006####gr | ||| |||| ||gre|| | ||
| 020 | |a 9602184876 | ||
| 040 | |a GR-MyUa |b gre |c GR-MyUa |e AACR2 | ||
| 041 | 1 | |a gre |h eng | |
| 082 | 7 | |a 616.8527 |2 (23) | |
| 100 | 1 | |a Fitzpatrick, Carol. | |
| 245 | 1 | 2 | |a Η αντιμετώπιση της κατάθλιψης στους εφήβους : |b ένας οδηγός για γονείς / |c Carol Fitzpatrick, John Sharry ; μετάφραση Κλαίρη Παπαμιχαήλ ; επιμέλεια επιστημονικών όρων Ειρήνη Παπάζογλου ; πρόλογος Ιωάννης Τσιαντής, Σοφία Βγενοπούλου. |
| 260 | |a Αθήνα : |b Κριτική, |c c2006. | ||
| 300 | |a 153 σ. ; |c 21 εκ. | ||
| 500 | |a Τίτλος πρωτοτύπου: Coping with depression in young people. | ||
| 650 | 0 | |a Depression in adolescence. | |
| 650 | 0 | |a Depression in adolescence |x Treatment. | |
| 650 | 0 | |a Teenagers |x Mental health. | |
| 700 | 1 | |a Sharry, John. | |
| 852 | |a INST |b SYROS |e 20210414 |h 616.8527 FIT |p 005500014277 |q 005500014277 |t BK |y 0 | ||
| 970 | |a Κοντού |b Παρασκευή |z 14/04/2021 | ||